000 00304 a2200157 4500
001 174539
020 _a
040 _cMagnum
100 _aGóes, Lúcia Pimentel
240 1 0 _aA nuvem
_lpor
245 1 0 _aA nuvem
300 _a24
362 0 _a1986
697 _aLITERATURA INFANTIL
942 _cBK
999 _c174539
_d174539